Score 0/22 Timer 02:00
0 Plays Today
Hint Word % Correct
3. An animal that meowsCAT
96.9%
4. Is able toCAN
88.5%
9. Actor GibsonMEL
88.5%
14. SickILL
84.4%
17. HotelINN
78.1%
2. ___ana: a Japanese swordKAT
76%
18. J.R.R. Tolk___IEN
75%
21. Amusing, enjoyableFUN
75%
7. The mouth of a carnivoreMAW
66.7%
10. Sound made by a baby [Rung 3]MEW
66.7%
5. Greek god of naturePAN
65.6%
Hint Word % Correct
8. Prefix meaning badMAL
65.6%
1. With [Rung 19], a baby [Rung 3]KIT
64.6%
15. Something that is thrown: project___ILE
64.6%
6. [Rung 3]'s appendagePAW
60.4%
22. Hair of a [Rung 3]FUR
60.4%
16. With [Rung 12], an adjective describing a [Rung 3]INE
53.1%
19. With [Rung 1], a baby [Rung 3]TEN
46.9%
11. A small part ofFEW
46.9%
12. With [Rung 16], an adjective describing a [Rung 3]FEL
43.8%
20. A large caskTUN
43.8%
13. End of two minor prophets' namesIEL
42.7%
Remove Ads.
Support Sporcle.
Get the best of Sporcle when you Go Orange. This ad-free experience offers more features, more stats, and more fun while also helping to support Sporcle. Thank you for becoming a member.

You're not logged in!

Compare scores with friends on all Sporcle quizzes.
OR
Log In

Show Comments

Extras

Top Quizzes Today


Score Distribution

Your Account Isn't Verified!

In order to create a playlist on Sporcle, you need to verify the email address you used during registration. Go to your Sporcle Settings to finish the process.

Report this User

Report this user for behavior that violates our Community Guidelines.

Details: